Understanding Japan : An aid to better textbooks

Αποθηκεύτηκε σε:
Λεπτομέρειες βιβλιογραφικής εγγραφής
Μορφή: Βιβλίο
Γλώσσα:Undetermined
Έκδοση: Tokyo, Japan International Society for Educational Information 1970
Θέματα:
Ετικέτες: Προσθήκη ετικέτας
Δεν υπάρχουν, Καταχωρήστε ετικέτα πρώτοι!
Thư viện lưu trữ: Trung tâm Học liệu Trường Đại học Cần Thơ
LEADER 00514nam a2200181Ia 4500
001 CTU_112220
008 210402s9999 xx 000 0 und d
082 |a 952 
082 |b U55/No.25 
245 0 |a Understanding Japan : 
245 3 |b An aid to better textbooks 
260 |a Tokyo, Japan 
260 |b International Society for Educational Information 
260 |c 1970 
650 |a Japan,Japan 
650 |x History,Civilization 
904 |i Minh 
980 |a Trung tâm Học liệu Trường Đại học Cần Thơ